A politikai marketing hatása a Z generációra a Facebookon és a TikTokon a 2024-es magyarországi európai parlamenti választáson
| Szerző: | |
|---|---|
| További közreműködők: | |
| Dokumentumtípus: | TDK dolgozat |
| Kulcsszavak: | 2024-es európai parlamenti választás politikai marketing Tiktok Z generáció |
| Online Access: | http://dolgozattar.uni-bge.hu/60503 |
MARC
| LEADER | 00000nta a2200000 i 4500 | ||
|---|---|---|---|
| 001 | dolg60503 | ||
| 005 | 20260416073819.0 | ||
| 008 | 260416suuuu hu o 000 hun d | ||
| 040 | |a BGE Dolgozattár Repozitórium |b hun | ||
| 041 | |a hu | ||
| 100 | 1 | |a Tóth Hanna | |
| 245 | 1 | 2 | |a A politikai marketing hatása a Z generációra a Facebookon és a TikTokon a 2024-es magyarországi európai parlamenti választáson |c Tóth Hanna |h [elektronikus dokumentum] |
| 516 | |a Students_Scientific_Association_paper | ||
| 520 | 3 | |a A közösségi média az elmúlt másfél évtizedben alapjaiban alakította át a társadalmi kommunikációt, az információhoz jutás módját és a politikai részvétel formáit. Az internet megjelenése után a közösségi platformok, először a Facebook, majd a fiatalabb generációk körében a TikTok és az Instagram vált az információmegosztás és véleményformálás legfőbb terepévé. Ezek a felületek nem csupán a szórakozás vagy kapcsolattartás eszközei, hanem a politikai kommunikáció, a marketing és a közéleti diskurzus szerves részei is. Dolgozatom célja, hogy feltárjam, miként hat a közösségi média – különösen a Facebook és a TikTok – a Z generáció politikai érdeklődésére, véleményformálására és választási részvételére. A kutatás középpontjában az online politikai marketing áll, azon belül is, hogy milyen formában érzékelik a fiatalok a közösségi médiában megjelenő politikai tartalmakat, mennyire találják azokat meggyőzőnek, és milyen mértékben befolyásolják ezek a platformok a politikai döntéseiket. A vizsgálat egy kérdőíves kutatásra épül, amely a 2024-es európai parlamenti választások kommunikációs környezetét elemzi, a fiatalok médiatudatosságára és véleményformálási szokásaira koncentrálva. | |
| 695 | |a 2024-es európai parlamenti választás | ||
| 695 | |a facebook | ||
| 695 | |a politikai marketing | ||
| 695 | |a Tiktok | ||
| 695 | |a Z generáció | ||
| 700 | 1 | |a Balázsné Dr. Lendvai Marietta |e ths | |
| 856 | 4 | 0 | |u http://dolgozattar.uni-bge.hu/60503/1/Szakdolgozat%203.%20verzi%C3%B3.pdf |z Dokumentum-elérés |
| 856 | 4 | 0 | |u http://dolgozattar.uni-bge.hu/60503/2/Absztrakt.docx.pdf |z Dokumentum-elérés |
| 856 | 4 | 0 | |u http://dolgozattar.uni-bge.hu/60503/3/T%C3%B3th%20Hanna.pdf |z Dokumentum-elérés |
| 856 | 4 | 0 | |u http://dolgozattar.uni-bge.hu/60503/4/B%C3%ADr%C3%A1lat%20T%C3%B3th%20Hanna_TZs.pdf |z Dokumentum-elérés |